[Event "14th EUR-ch"]
[Site "Legnica POL"]
[Date "2013.05.07"]
[Round "3"]
[White "Matsenko, Andrei"]
[Black "Szostko, Jakub"]
[Result "1/2-1/2"]
[WhiteElo "2212"]
[BlackElo "1850"]
[EventDate "2013.05.05"]
[PlyCount "110"]

1.e4 c5 2.Nf3 e6 3.b3 b6 4.Bb2 Bb7 5.Bd3 Nf6 6.e5 Nd5 7.Be4 Ne3 8.dxe3 
Bxe4 9.Nbd2 Bb7 10.Nc4 Nc6 11.O-O Ba6 12.Qe2 Qc7 13.Rfd1 Bxc4 14.Qxc4 g6 
15.Rd6 Rg8 16.Rd2 d5 17.exd6 Bxd6 18.Qh4 h5 19.Rad1 Be7 20.Qa4 Kf8 21.g3 
Rd8 22.Rxd8+ Bxd8 23.Qe4 Be7 24.h4 Bd6 25.Kg2 Ke7 26.Ng5 Be5 27.Qf3 f6 28.
Nxe6 Qc8 29.Nf4 Bxb2 30.c3 Kf7 31.Qe2 Ba3 32.Qc4+ Kg7 33.Qa4 Bb2 34.Rd6 b5
35.Qxb5 Ne5 36.Nd5 Rd8 37.Rxd8 Qxd8 38.Qxc5 Qd7 39.e4 Bc1 40.a4 Bh6 41.a5 
Kf7 42.a6 Bf8 43.Qd4 Be7 44.b4 Qg4 45.Qe3 Nc4 46.Qd4 Ne5 47.Nxe7 Qf3+ 48.
Kf1 Nd3 49.Qxa7 Qd1+ 50.Kg2 Ne1+ 51.Kh3 Qg4+ 52.Kh2 Nf3+ 53.Kg2 Nxh4+ 54.
Kh2 Nf3+ 55.Kg2 Nh4+ 1/2-1/2

[Event "14th EUR-ch"]
[Site "Legnica POL"]
[Date "2013.05.07"]
[Round "3"]
[White "D`Aste, Federico"]
[Black "Pavlidou, Ekaterini"]
[Result "0-1"]
[WhiteElo "1501"]
[BlackElo "2209"]
[EventDate "2013.05.05"]
[PlyCount "42"]

1.e4 c5 2.Nc3 Nc6 3.g3 g6 4.Bg2 Bg7 5.Nge2 d6 6.O-O Rb8 7.d3 b5 8.a3 a5 9.
Nd5 e6 10.Ne3 Nge7 11.Ng4 h5 12.Ne3 Bd7 13.f4 f5 14.c3 Qb6 15.Nc2 d5 16.e5
d4 17.Rb1 b4 18.Qd2 b3 19.Na1 c4 20.Qe1 dxc3+ 21.Qf2 c2 0-1

[Event "14th EUR-ch"]
[Site "Legnica POL"]
[Date "2013.05.07"]
[Round "3"]
[White "Leiber, Bernard"]
[Black "Szonyi, Bence"]
[Result "1-0"]
[WhiteElo "2209"]
[BlackElo "1651"]
[EventDate "2013.05.05"]
[PlyCount "67"]

1.d4 Nf6 2.Nf3 e6 3.c4 Bb4+ 4.Bd2 Bxd2+ 5.Qxd2 d5 6.e3 O-O 7.Nc3 dxc4 8.
Bxc4 b6 9.O-O Ba6 10.Bxa6 Nxa6 11.e4 c5 12.e5 cxd4 13.Nxd4 Nd5 14.Nc6 Qc7 
15.Nxd5 exd5 16.Qxd5 Rac8 17.Nd4 Rfd8 18.Qe4 Nc5 19.Qe3 Rd5 20.Rfe1 Rcd8 
21.Nf5 Nd3 22.Qg5 f6 23.exf6 Rxf5 24.Qxf5 Nxe1 25.Rxe1 Rf8 26.Qe6+ Qf7 27.
fxg7 Kxg7 28.Qg4+ Kh8 29.Qd4+ Kg8 30.Re4 h6 31.f3 Qxa2 32.Rg4+ Kf7 33.Qd7+
Kf6 34.Qg7+ 1-0

[Event "14th EUR-ch"]
[Site "Legnica POL"]
[Date "2013.05.08"]
[Round "4"]
[White "Areschenko, Alexander"]
[Black "Romanov, Evgeny"]
[Result "1/2-1/2"]
[WhiteElo "2709"]
[BlackElo "2640"]
[EventDate "2013.05.05"]
[PlyCount "81"]

1.e4 e6 2.d4 d5 3.e5 c5 4.c3 Nc6 5.Nf3 Qb6 6.a3 Nh6 7.b4 cxd4 8.cxd4 Nf5 
9.Bb2 Bd7 10.g4 Nfe7 11.Nc3 Na5 12.Nd2 Rc8 13.Na4 Qc6 14.b5 Qc7 15.Rc1 Qd8
16.Nc5 Ng6 17.Nxd7 Qxd7 18.h4 Be7 19.h5 Nf4 20.Rxc8+ Qxc8 21.Qc1 O-O 22.
Qxc8 Rxc8 23.Kd1 g5 24.Rg1 f6 25.exf6 Bxf6 26.Rg3 Nc4 27.Ba1 b6 28.Rb3 e5 
29.Nxc4 dxc4 30.Rb4 exd4 31.Rxc4 Rxc4 32.Bxc4+ Kg7 33.Bb2 h6 34.a4 d3 35.
Ba3 Bc3 36.Bd6 d2 37.Kc2 Ba5 38.Be5+ Kf8 39.Bb8 Nh3 40.Bg3 Ke7 41.Bf1 
1/2-1/2

[Event "14th EUR-ch"]
[Site "Legnica POL"]
[Date "2013.05.08"]
[Round "4"]
[White "Shimanov, Alexander"]
[Black "Khairullin, Ildar"]
[Result "1/2-1/2"]
[WhiteElo "2639"]
[BlackElo "2657"]
[EventDate "2013.05.05"]
[PlyCount "57"]

1.d4 Nf6 2.c4 e6 3.Nc3 d5 4.Nf3 dxc4 5.Bg5 Bb4 6.e4 c5 7.Bxc4 cxd4 8.Nxd4 
Bxc3+ 9.bxc3 Qa5 10.Bxf6 Qxc3+ 11.Kf1 gxf6 12.Rc1 Qa5 13.g3 Bd7 14.Kg2 Nc6
15.Nb5 Ne5 16.Qd6 Bxb5 17.Bxb5+ Qxb5 18.Rc7 Ng6 19.Rd1 h5 20.a4 Qxa4 21.
Rd7 Nf4+ 22.Kg1 Nh3+ 23.Kg2 Nf4+ 24.gxf4 Qxe4+ 25.Kf1 Qh1+ 26.Ke2 Qe4+ 27.
Kf1 Qh1+ 28.Ke2 Qe4+ 29.Kf1 1/2-1/2

[Event "14th EUR-ch"]
[Site "Legnica POL"]
[Date "2013.05.08"]
[Round "4"]
[White "Nyback, Tomi"]
[Black "Mamedov, Rauf"]
[Result "1/2-1/2"]
[WhiteElo "2593"]
[BlackElo "2649"]
[EventDate "2013.05.05"]
[PlyCount "80"]

1.d4 Nf6 2.c4 g6 3.Nc3 Bg7 4.e4 d6 5.Nf3 O-O 6.Be2 Na6 7.O-O e5 8.Be3 Qe7 
9.dxe5 dxe5 10.Nd5 Qd8 11.Nxf6+ Bxf6 12.c5 Qxd1 13.Rfxd1 Nb4 14.Bd2 Nc6 
15.Bb5 Nd4 16.Nxd4 exd4 17.c6 bxc6 18.Bxc6 Rb8 19.b3 Ba6 20.Re1 Be7 21.Ba5
d3 22.Red1 Ba3 23.Rab1 Bd6 24.b4 Bc4 25.a4 Rfc8 26.g3 Ba2 27.Rb2 Bc4 28.
Bd5 Ba6 29.Bc6 Bc4 30.f4 Bc5+ 31.Kg2 Bd4 32.Rbb1 Bb6 33.Bxb6 Rxb6 34.b5 a6
35.Rb4 axb5 36.axb5 Bxb5 37.Bxb5 c6 38.Rxd3 cxb5 39.Rdb3 Rc2+ 40.Kh3 Rc5 
1/2-1/2

[Event "14th EUR-ch"]
[Site "Legnica POL"]
[Date "2013.05.08"]
[Round "4"]
[White "Korobov, Anton"]
[Black "Hracek, Zbynek"]
[Result "1/2-1/2"]
[WhiteElo "2705"]
[BlackElo "2628"]
[EventDate "2013.05.05"]
[PlyCount "76"]

1.d4 Nf6 2.c4 e6 3.Nf3 d5 4.Nc3 Be7 5.Bg5 O-O 6.e3 h6 7.Bh4 b6 8.Bxf6 Bxf6
9.cxd5 exd5 10.Be2 Be6 11.O-O c5 12.Rc1 Nc6 13.Na4 c4 14.b3 b5 15.Nc5 Be7 
16.Nxe6 fxe6 17.bxc4 bxc4 18.Qa4 Qd6 19.Nd2 Rab8 20.Nb1 Bd8 21.Nc3 Ba5 22.
Bg4 Bxc3 23.Rxc3 g6 24.Rcc1 h5 25.Bd1 Kg7 26.Bc2 Rf7 27.Rb1 Nb4 28.Bd1 
Rfb7 29.g3 Nc6 30.Bc2 Rxb1 31.Rxb1 Rxb1+ 32.Bxb1 Qb4 33.Qxc6 Qxb1+ 34.Kg2 
Qe4+ 35.Kg1 Qb1+ 36.Kg2 Qe4+ 37.Kg1 Qb1+ 38.Kg2 Qe4+ 1/2-1/2

[Event "14th EUR-ch"]
[Site "Legnica POL"]
[Date "2013.05.08"]
[Round "4"]
[White "Beliavsky, Alexander"]
[Black "Eljanov, Pavel"]
[Result "1/2-1/2"]
[WhiteElo "2628"]
[BlackElo "2702"]
[EventDate "2013.05.05"]
[PlyCount "66"]

1.d4 d5 2.c4 c6 3.Nc3 Nf6 4.Nf3 a6 5.a4 e6 6.Bg5 Nbd7 7.e3 Qa5 8.Nd2 Bb4 
9.Qc2 dxc4 10.Bxf6 Nxf6 11.Nxc4 Qc7 12.Be2 c5 13.O-O cxd4 14.exd4 O-O 15.
Qb3 Bd6 16.Nxd6 Qxd6 17.Rfd1 Bd7 18.Qxb7 Rfb8 19.Qf3 Bc6 20.Qg3 Qxg3 21.
hxg3 Rxb2 22.a5 Ne4 23.Rac1 Nxc3 24.Rxc3 Bb7 25.Bf1 Ra2 26.Rc5 Bd5 27.Rb1 
h5 28.f3 g5 29.Rb6 Ra1 30.Kf2 Ra2+ 31.Kg1 Ra1 32.Kf2 Ra2+ 33.Kg1 Ra1 
1/2-1/2

[Event "14th EUR-ch"]
[Site "Legnica POL"]
[Date "2013.05.08"]
[Round "4"]
[White "Alexeev, Evgeny"]
[Black "Saric, Ivan"]
[Result "1-0"]
[WhiteElo "2700"]
[BlackElo "2622"]
[EventDate "2013.05.05"]
[PlyCount "103"]

1.e4 c5 2.Nf3 Nc6 3.d4 cxd4 4.Nxd4 Nf6 5.Nc3 d6 6.Bg5 Bd7 7.Nb3 a6 8.Be2 
e6 9.O-O h6 10.Be3 b5 11.a3 Be7 12.f4 O-O 13.Bf3 Rb8 14.Qe2 a5 15.Rfd1 a4 
16.e5 axb3 17.exd6 bxc2 18.Qxc2 b4 19.dxe7 Qxe7 20.Ne4 Nxe4 21.Bxe4 Rfc8 
22.Bc5 Qe8 23.Qd2 bxa3 24.Rxa3 Rb5 25.b4 Nb8 26.Rd3 Bc6 27.Rd8 Bxe4 28.
Rxe8+ Rxe8 29.Qe2 Bc6 30.Rd6 Rb7 31.h4 Bb5 32.Qg4 Nc6 33.Qf3 Rc7 34.Bb6 
Rcc8 35.Qh5 Bc4 36.Rd7 e5 37.b5 Nb8 38.Rc7 Rxc7 39.Bxc7 Bxb5 40.Bxe5 Bd7 
41.Qd1 Be6 42.Qa1 f6 43.Bxf6 gxf6 44.Qxf6 Bf7 45.Qxh6 Nd7 46.Qg5+ Kf8 47.
h5 Re7 48.g4 Bg8 49.Qh6+ Rg7 50.g5 Bf7 51.Qd6+ Ke8 52.g6 1-0

[Event "14th EUR-ch"]
[Site "Legnica POL"]
[Date "2013.05.08"]
[Round "4"]
[White "Timofeev, Artiom"]
[Black "Almasi, Zoltan"]
[Result "0-1"]
[WhiteElo "2621"]
[BlackElo "2695"]
[EventDate "2013.05.05"]
[PlyCount "70"]

1.d4 Nf6 2.c4 e6 3.Nc3 Bb4 4.f3 d5 5.a3 Bxc3+ 6.bxc3 O-O 7.cxd5 exd5 8.e3 
Nh5 9.Qc2 Re8 10.g4 Nf4 11.h4 c5 12.Kf2 Ne6 13.Bd3 Nf8 14.Ne2 c4 15.Bf5 
Nc6 16.a4 g6 17.Bxc8 Rxc8 18.Ba3 Ne6 19.Ng3 a6 20.Rab1 Rb8 21.h5 Qf6 22.
Kg2 Ng5 23.Qf2 b5 24.axb5 axb5 25.Rhe1 Ra8 26.Bc5 Ra5 27.hxg6 hxg6 28.e4 
Ra2 29.Qxa2 Qxf3+ 30.Kh2 Kg7 31.Rf1 Qxg4 32.Qf2 Rh8+ 33.Kg1 Nh3+ 34.Kg2 
Nxf2 35.Rxf2 Qh3+ 0-1

[Event "14th EUR-ch"]
[Site "Legnica POL"]
[Date "2013.05.08"]
[Round "4"]
[White "Vallejo Pons, Francisco"]
[Black "Hovhannisian, Robert"]
[Result "1/2-1/2"]
[WhiteElo "2695"]
[BlackElo "2607"]
[EventDate "2013.05.05"]
[PlyCount "124"]

1.Nf3 d5 2.d4 Nf6 3.c4 c6 4.Nc3 e6 5.Bg5 h6 6.Bxf6 Qxf6 7.e3 g6 8.Qc2 Nd7 
9.Be2 Bg7 10.e4 dxc4 11.e5 Qe7 12.Ne4 O-O 13.Qxc4 c5 14.Nxc5 Nxc5 15.dxc5 
Bd7 16.O-O Bc6 17.b4 a5 18.a3 Qc7 19.Rac1 axb4 20.axb4 Bxe5 21.Nxe5 Qxe5 
22.Rfe1 Qg5 23.Bf1 Bd5 24.Qc3 Ra2 25.Ra1 Rfa8 26.b5 Qf4 27.Rxa2 Rxa2 28.
Re2 Ra4 29.Rc2 Qc7 30.g3 Ra8 31.h4 h5 32.Bg2 Bxg2 33.Kxg2 Rd8 34.c6 bxc6 
35.bxc6 Rc8 36.Kh2 Kh7 37.Kg1 e5 38.Kh2 Re8 39.Qf3 Re6 40.Qe4 Kg7 41.Kg2 
Kg8 42.Rc4 Kg7 43.Kf1 Kg8 44.Qd5 Kg7 45.Ke2 Rf6 46.Rc2 Qb6 47.Qc5 Qc7 48.
Qd5 Qb6 49.Qc5 Qc7 50.Rc3 Kh7 51.Ke1 Kg7 52.Rc2 Kh7 53.Rc1 Kg7 54.Rc4 Kh7 
55.Rc2 Re6 56.Qd5 Rd6 57.Qb5 Rf6 58.Kf1 Kg7 59.Kg2 Re6 60.Kf3 Rf6+ 61.Ke2 
Qa7 62.Qc5 Qc7 1/2-1/2

[Event "14th EUR-ch"]
[Site "Legnica POL"]
[Date "2013.05.08"]
[Round "4"]
[White "Berkes, Ferenc"]
[Black "Zhigalko, Andrei"]
[Result "1/2-1/2"]
[WhiteElo "2688"]
[BlackElo "2603"]
[EventDate "2013.05.05"]
[PlyCount "209"]

1.d4 Nf6 2.c4 g6 3.Nc3 d5 4.Nf3 Bg7 5.Qb3 dxc4 6.Qxc4 O-O 7.Bf4 Na6 8.e4 
c5 9.dxc5 Be6 10.Qb5 Bd7 11.Qxb7 Nxc5 12.Qb4 Ne6 13.Be5 a5 14.Qa3 Qb6 15.
Be2 Bc6 16.O-O Qb4 17.Rfe1 Qxa3 18.bxa3 Nxe4 19.Bxg7 Kxg7 20.Nxe4 Bxe4 21.
Bc4 Bxf3 22.gxf3 Nd4 23.Rxe7 Nxf3+ 24.Kg2 Nh4+ 25.Kf1 Rac8 26.Bb3 Nf5 27.
Rd7 Rc6 28.Re1 Kf6 29.a4 Rd6 30.Ra7 Nd4 31.Rd1 h5 32.Rxa5 Rfd8 33.Bc4 Nf3 
34.Rad5 Rxd5 35.Rxd5 Ra8 36.a5 Nxh2+ 37.Kg2 Ng4 38.Be2 Ke6 39.Rb5 Kd6 40.
a4 Ra7 41.Bf3 Ne5 42.Bb7 Nc4 43.a6 Kd7 44.Bd5 Ne5 45.Bb7 Nc4 46.Bd5 Ne5 
47.Be4 Rxa6 48.Rxe5 Rxa4 49.f3 Kd6 50.Re8 f5 51.Bd3 g5 52.Bxf5 g4 53.Re6+ 
Kd5 54.fxg4 hxg4 55.Kg3 Ra3+ 56.Kxg4 Ra4+ 57.Kg5 Ra1 58.Kf6 Rc1 59.Ra6 
Rc6+ 60.Be6+ Kc5 61.Ra1 Kd4 62.Ra4+ Ke3 63.Ke5 Rc3 64.Bd5 Rd3 65.Rh4 Rc3 
66.Rh2 Rd3 67.Bc4 Rc3 68.Rh4 Kf2 69.Kd4 Kg3 70.Rh8 Rc1 71.Be2 Kf4 72.Rf8+ 
Kg5 73.Bf3 Re1 74.Be4 Ra1 75.Ke5 Ra5+ 76.Bd5 Rb5 77.Rg8+ Kh5 78.Ke4 Kh6 
79.Rg1 Ra5 80.Rg2 Rb5 81.Ra2 Kg5 82.Ke5 Kh5 83.Ke4 Kg5 84.Ra8 Rb4+ 85.Ke5 
Rb5 86.Rc8 Ra5 87.Rb8 Kh5 88.Ke4 Kg5 89.Rg8+ Kf6 90.Rf8+ Ke7 91.Rf7+ Kd6 
92.Rf6+ Ke7 93.Re6+ Kd7 94.Ke5 Ra1 95.Bc6+ Kc7 96.Be4 Rd1 97.Rc6+ Kd7 98.
Ra6 Re1 99.Ra7+ Ke8 100.Kd5 Kf8 101.Bf5 Re7 102.Ra1 Kf7 103.Rf1 Ra7 104.
Be6+ Kg6 105.Ke5 1/2-1/2

[Event "14th EUR-ch"]
[Site "Legnica POL"]
[Date "2013.05.08"]
[Round "4"]
[White "Popov, Ivan"]
[Black "Sargissian, Gabriel"]
[Result "1/2-1/2"]
[WhiteElo "2620"]
[BlackElo "2667"]
[EventDate "2013.05.05"]
[PlyCount "57"]

1.e4 e5 2.Nf3 Nc6 3.Bb5 a6 4.Ba4 Nf6 5.O-O Be7 6.d3 b5 7.Bb3 d6 8.a4 Bd7 
9.Nc3 Na5 10.Ba2 b4 11.Nd5 Nxd5 12.Bxd5 c6 13.Ba2 Bg4 14.d4 Qc7 15.dxe5 
dxe5 16.h3 Bh5 17.Be3 O-O 18.Qe2 Nb7 19.Bc4 a5 20.g4 Bg6 21.Nd2 Bc5 22.f3 
Rfd8 23.Nb3 Bxe3+ 24.Qxe3 Nd6 25.Qc5 Nb7 26.Qe3 Nd6 27.Qc5 Nb7 28.Qe3 Nd6 
29.Qc5 1/2-1/2

[Event "14th EUR-ch"]
[Site "Legnica POL"]
[Date "2013.05.08"]
[Round "4"]
[White "Roiz, Michael"]
[Black "Ragger, Markus"]
[Result "1/2-1/2"]
[WhiteElo "2617"]
[BlackElo "2666"]
[EventDate "2013.05.05"]
[PlyCount "81"]

1.d4 Nf6 2.Nf3 g6 3.c4 Bg7 4.Nc3 d5 5.cxd5 Nxd5 6.Bd2 Nb6 7.Qc1 Nc6 8.Bh6 
Bxh6 9.Qxh6 Qd6 10.e3 Qb4 11.Rb1 Be6 12.a3 Qd6 13.Bb5 O-O-O 14.O-O a6 15.
Ne4 Qd5 16.Nc3 Qd6 17.Be2 Bc4 18.Bxc4 Nxc4 19.Rfd1 f5 20.e4 fxe4 21.Nxe4 
Qd5 22.Nc3 Qf5 23.d5 N6e5 24.Nxe5 Nxe5 25.Qe3 Kb8 26.h3 g5 27.Rd4 Ng6 28.
Re1 Nf4 29.Qxe7 Rhf8 30.Qe3 h5 31.Kh2 Nxd5 32.Qd2 c6 33.f3 Rd7 34.Nxd5 
cxd5 35.Qe3 h4 36.Qe5+ Ka7 37.Qe6 Qxe6 38.Rxe6 Rf4 39.Rd2 Rf5 40.Kg1 d4 
41.Kf2 1/2-1/2

[Event "14th EUR-ch"]
[Site "Legnica POL"]
[Date "2013.05.08"]
[Round "4"]
[White "Rakhmanov, Aleksandr"]
[Black "Zhigalko, Sergei"]
[Result "1/2-1/2"]
[WhiteElo "2616"]
[BlackElo "2660"]
[EventDate "2013.05.05"]
[PlyCount "84"]

1.Nf3 Nf6 2.g3 d5 3.Bg2 c5 4.O-O e6 5.c4 d4 6.e3 Nc6 7.d3 Bd6 8.exd4 cxd4 
9.Bg5 h6 10.Bxf6 Qxf6 11.Nbd2 Qe7 12.Nb3 O-O 13.Re1 Qf6 14.Nbd2 Qg6 15.Qe2
Bd7 16.a3 a5 17.Rac1 Rae8 18.c5 Bc7 19.Nc4 e5 20.Nb6 Be6 21.Nd2 f5 22.Ndc4
Bxc4 23.Nxc4 Kh8 24.Rcd1 Re7 25.Qc2 Rfe8 26.Re2 e4 27.Rde1 e3 28.fxe3 dxe3
29.Rxe3 Rxe3 30.Rxe3 Rxe3 31.Nxe3 Be5 32.Nd5 Bd4+ 33.Kf1 Qe6 34.Qe2 Qxe2+ 
35.Kxe2 Bxb2 36.a4 Ba3 37.Ne3 Nd4+ 38.Kd1 Bxc5 39.Bxb7 g5 40.Bc8 f4 41.
gxf4 gxf4 42.Nf5 Nxf5 1/2-1/2

[Event "14th EUR-ch"]
[Site "Legnica POL"]
[Date "2013.05.08"]
[Round "4"]
[White "Khalifman, Alexander"]
[Black "Meier, Georg"]
[Result "1-0"]
[WhiteElo "2614"]
[BlackElo "2655"]
[EventDate "2013.05.05"]
[PlyCount "149"]

1.c4 Nf6 2.Nc3 c5 3.Nf3 e6 4.e4 Nc6 5.Be2 d5 6.exd5 exd5 7.d4 Be6 8.cxd5 
Nxd5 9.O-O Be7 10.dxc5 Nxc3 11.bxc3 Bxc5 12.Ng5 Qxd1 13.Rxd1 Rd8 14.Rxd8+ 
Nxd8 15.Nxe6 Nxe6 16.g3 Ke7 17.Kg2 h5 18.h4 g6 19.a4 a5 20.Bd2 Rd8 21.Rd1 
b6 22.Kf1 Bd6 23.Be3 Bc5 24.Rxd8 Kxd8 25.Bd2 Ke7 26.Bb5 Nc7 27.Bc4 Ne8 28.
Ke2 Nd6 29.Bd5 f6 30.f3 Kf8 31.g4 Ke7 32.Be1 Kf8 33.Kd3 Kg7 34.Bb3 hxg4 
35.fxg4 g5 36.h5 Kh6 37.Be6 Kg7 38.c4 Kh6 39.Bc3 f5 40.gxf5 Kxh5 41.Be5 g4
42.f6 Kg6 43.Bxg4 Ne8 44.Bh5+ Kxh5 45.f7 Nf6 46.Bxf6 Kg6 47.f8=Q Bxf8 48.
Bd4 Kf5 49.Bxb6 Bb4 50.Bd4 Ke6 51.Bc3 Be7 52.Bxa5 Kd7 53.Bb6 Kc6 54.a5 Kb7
55.Ke4 Ka6 56.Kd5 Bb4 57.Kc6 Bd2 58.Bd8 Be1 59.Kd7 Bb4 60.Bc7 Bc5 61.Bd6 
Be3 62.Bb4 Kb7 63.Kd6 Bf2 64.Kd5 Be3 65.Bc3 Bf2 66.Bf6 Be1 67.Bd8 Bb4 68.
Bb6 Be7 69.Bc5 Bg5 70.Bd4 Bd2 71.Bb6 Bb4 72.Bd8 Ba3 73.Ke6 Bb4 74.a6+ Kxa6
75.Be7 1-0

[Event "14th EUR-ch"]
[Site "Legnica POL"]
[Date "2013.05.08"]
[Round "4"]
[White "Andriasian, Zaven"]
[Black "Siugirov, Sanan"]
[Result "1/2-1/2"]
[WhiteElo "2608"]
[BlackElo "2654"]
[EventDate "2013.05.05"]
[PlyCount "80"]

1.e4 c6 2.d3 d5 3.Nd2 e5 4.Ngf3 Bd6 5.g3 Nf6 6.Bg2 O-O 7.O-O Re8 8.b3 Nbd7
9.Bb2 Nf8 10.Nh4 Ng6 11.Nf5 Bb4 12.c3 Ba5 13.b4 Bb6 14.Qf3 a5 15.a3 axb4 
16.cxb4 dxe4 17.Nxe4 Bxf5 18.Qxf5 Nxe4 19.Qxe4 Qd6 20.a4 Bd4 21.Rfb1 Nf8 
22.Bxd4 exd4 23.Qf4 Re5 24.b5 Ne6 25.Qc1 cxb5 26.axb5 Rxa1 27.Rxa1 Rxb5 
28.Qc8+ Nf8 29.Bxb7 Qb6 30.Be4 Rb1+ 31.Rxb1 Qxb1+ 32.Kg2 Qb6 33.h4 g6 34.
h5 Qf6 35.hxg6 hxg6 36.Bd5 Kg7 37.Qb7 Nh7 38.Qd7 Nf8 39.Qb7 Nh7 40.Qd7 Nf8
1/2-1/2

[Event "14th EUR-ch"]
[Site "Legnica POL"]
[Date "2013.05.08"]
[Round "4"]
[White "Ipatov, Alexander"]
[Black "Socko, Bartosz"]
[Result "1/2-1/2"]
[WhiteElo "2588"]
[BlackElo "2647"]
[EventDate "2013.05.05"]
[PlyCount "90"]

1.d4 Nf6 2.Nf3 g6 3.g3 Bg7 4.Bg2 O-O 5.O-O c6 6.c4 d6 7.Nc3 Bf5 8.Ne1 Qc8 
9.e4 Bh3 10.f3 c5 11.d5 Bxg2 12.Kxg2 Na6 13.Nd3 Nb4 14.Nf2 Nd7 15.Qe2 Re8 
16.Bg5 Na6 17.Rae1 Nc7 18.a4 a6 19.a5 Rb8 20.Qc2 b5 21.axb6 Rxb6 22.Bd2 
Rb8 23.b3 Qb7 24.Rb1 e6 25.Rfe1 exd5 26.exd5 Rxe1 27.Bxe1 f5 28.Nd3 Ne5 
29.Nxe5 Bxe5 30.Ne2 Qc8 31.Nf4 Bxf4 32.gxf4 Ne8 33.Bc3 Ng7 34.Bxg7 Kxg7 
35.Re1 Qd8 36.Qc3+ Kh6 37.Re6 a5 38.Qe1 Rb7 39.Re8 Qf6 40.Re6 Qd8 41.Kh3 
Kg7 42.Re8 Qf6 43.Re6 Qd8 44.Qe3 Kh6 45.Qe1 Kg7 1/2-1/2

[Event "14th EUR-ch"]
[Site "Legnica POL"]
[Date "2013.05.08"]
[Round "4"]
[White "Lysyi, Igor"]
[Black "Brkic, Ante"]
[Result "1/2-1/2"]
[WhiteElo "2641"]
[BlackElo "2575"]
[EventDate "2013.05.05"]
[PlyCount "38"]

1.d4 Nf6 2.c4 e6 3.Nc3 Bb4 4.Qc2 O-O 5.Nf3 d5 6.a3 Bxc3+ 7.Qxc3 dxc4 8.
Qxc4 b6 9.Bg5 Ba6 10.Qa4 Qd7 11.Qc2 c5 12.Bxf6 gxf6 13.dxc5 Rc8 14.Rd1 Qe7
15.e3 Rxc5 16.Qd2 Rd5 17.Qc2 Rc5 18.Qd2 Rd5 19.Qc2 Rc5 1/2-1/2

[Event "14th EUR-ch"]
[Site "Legnica POL"]
[Date "2013.05.08"]
[Round "4"]
[White "Arizmendi Martinez, Julen Luis"]
[Black "l`Ami, Erwin"]
[Result "1/2-1/2"]
[WhiteElo "2571"]
[BlackElo "2634"]
[EventDate "2013.05.05"]
[PlyCount "37"]

1.d4 Nf6 2.c4 e6 3.Nc3 Bb4 4.e3 O-O 5.Bd3 d5 6.cxd5 exd5 7.Ne2 Re8 8.Bd2 
b6 9.O-O Bb7 10.f3 Bd6 11.Qe1 c5 12.Qh4 Ba6 13.Bxa6 Nxa6 14.a3 Nc7 15.Rad1
Nd7 16.Qf2 Nf6 17.Qh4 Nd7 18.Qf2 Nf6 19.Qh4 1/2-1/2

[Event "14th EUR-ch"]
[Site "Legnica POL"]
[Date "2013.05.08"]
[Round "4"]
[White "Lupulescu, Constantin"]
[Black "Grigoriants, Sergei"]
[Result "1/2-1/2"]
[WhiteElo "2634"]
[BlackElo "2579"]
[EventDate "2013.05.05"]
[PlyCount "119"]

1.Nf3 Nf6 2.c4 e6 3.Nc3 d5 4.d4 c5 5.cxd5 Nxd5 6.e4 Nxc3 7.bxc3 cxd4 8.
cxd4 Bb4+ 9.Bd2 Bxd2+ 10.Qxd2 O-O 11.Bc4 Nd7 12.O-O b6 13.e5 Bb7 14.Qe3 
Rc8 15.Rac1 Nb8 16.Nd2 Qd7 17.Rfd1 Rfd8 18.Ne4 Bxe4 19.Qxe4 g6 20.h4 b5 
21.Be2 Rxc1 22.Rxc1 Na6 23.a4 Qxd4 24.Qxd4 Rxd4 25.Bxb5 Nb4 26.Rc7 Rd1+ 
27.Kh2 Nd3 28.Bxd3 Rxd3 29.Rxa7 Rd5 30.f4 h6 31.a5 g5 32.hxg5 hxg5 33.Kg3 
Kg7 34.a6 gxf4+ 35.Kxf4 Rd4+ 36.Ke3 Ra4 37.Kd3 Ra2 38.Kc4 Kg6 39.Kb5 Rb2+ 
40.Kc6 Rc2+ 41.Kd6 Rd2+ 42.Ke7 Rxg2 43.Rc7 Ra2 44.a7 Ra6 45.Kd8 Kf5 46.Kc8
Kxe5 47.Rxf7 Kd4 48.Rd7+ Kc4 49.Kb7 Rxa7+ 50.Kxa7 e5 51.Re7 Kd4 52.Kb6 e4 
53.Kb5 e3 54.Kb4 Kd3 55.Kb3 e2 56.Kb2 Kd2 57.Rd7+ Ke3 58.Kc2 e1=Q 59.Re7+ 
Kf2 60.Rxe1 1/2-1/2

[Event "14th EUR-ch"]
[Site "Legnica POL"]
[Date "2013.05.08"]
[Round "4"]
[White "Yakovenko, Dmitry"]
[Black "Brunello, Sabino"]
[Result "1/2-1/2"]
[WhiteElo "2731"]
[BlackElo "2580"]
[EventDate "2013.05.05"]
[PlyCount "119"]

1.e4 e5 2.Nf3 Nc6 3.d4 exd4 4.Nxd4 Bc5 5.Nb3 Bb6 6.Nc3 Nf6 7.Qe2 O-O 8.Bg5
Nd4 9.Qd2 Nxb3 10.axb3 Re8 11.f3 h6 12.Bf4 d5 13.O-O-O c6 14.Kb1 Be6 15.
Qc1 Qe7 16.exd5 Nxd5 17.Nxd5 Bxd5 18.Bd3 Be3 19.Bxe3 Qxe3 20.Qxe3 Rxe3 21.
c4 Be6 22.Kc2 Re8 23.Rhe1 Rxe1 24.Rxe1 Kf8 25.Kc3 Ke7 26.Ra1 a6 27.b4 Kd6 
28.h4 Bd7 29.Kd4 Kc7 30.g4 f6 31.Rg1 Re7 32.g5 fxg5 33.hxg5 hxg5 34.Rxg5 
Rf7 35.Be4 Kd6 36.Rh5 Be6 37.Rh8 Rd7 38.c5+ Kc7+ 39.Ke5 Re7 40.Kf4 b6 41.
Ra8 Kb7 42.Rd8 Bc4 43.Rd6 Bb5 44.cxb6 Kxb6 45.Kg5 Rc7 46.Bf5 a5 47.bxa5+ 
Kxa5 48.Be6 c5 49.f4 c4 50.f5 Kb4 51.Rb6 Kc5 52.Rb8 Bc6 53.Kg6 Be4 54.Rd8 
Bd3 55.b3 Rc6 56.Kg5 Bxf5 57.Kxf5 g6+ 58.Ke5 Rxe6+ 59.Kxe6 cxb3 60.Rb8 
1/2-1/2

[Event "14th EUR-ch"]
[Site "Legnica POL"]
[Date "2013.05.08"]
[Round "4"]
[White "Kotronias, Vasilios"]
[Black "Tomashevsky, Evgeny"]
[Result "1-0"]
[WhiteElo "2580"]
[BlackElo "2719"]
[EventDate "2013.05.05"]
[PlyCount "97"]

1.e4 e5 2.Nf3 Nc6 3.Bb5 a6 4.Ba4 Nf6 5.O-O d6 6.Bxc6+ bxc6 7.d4 exd4 8.
Nxd4 c5 9.Nf5 Bxf5 10.exf5 Be7 11.c4 O-O 12.Nc3 Nd7 13.Bd2 Bf6 14.Qh5 Re8 
15.Rae1 Bd4 16.b3 h6 17.Qf3 Ne5 18.Qg3 Bxc3 19.Bxc3 Qg5 20.Bxe5 dxe5 21.
Rxe5 Qxg3 22.Rxe8+ Rxe8 23.hxg3 Re2 24.Rd1 Rxa2 25.Rd8+ Kh7 26.Rd7 f6 27.
Rxc7 Ra3 28.Rb7 h5 29.Rb6 Kh6 30.f4 Ra2 31.Kh2 Ra1 32.Rb8 Kh7 33.g4 hxg4 
34.Kg3 Ra2 35.Kxg4 Rxg2+ 36.Kf3 Rd2 37.Rb6 Kh6 38.Rxa6 Rd3+ 39.Ke4 Rxb3 
40.Ra1 Kh7 41.Kd5 Rf3 42.Kxc5 g5 43.Rc1 Kg7 44.Kd5 Rd3+ 45.Ke4 Rd8 46.c5 
gxf4 47.c6 Kf7 48.c7 Rc8 49.Kd5 1-0

[Event "14th EUR-ch"]
[Site "Legnica POL"]
[Date "2013.05.08"]
[Round "4"]
[White "Shomoev, Anton"]
[Black "Akopian, Vladimir"]
[Result "1/2-1/2"]
[WhiteElo "2561"]
[BlackElo "2705"]
[EventDate "2013.05.05"]
[PlyCount "175"]

1.e4 c5 2.Nf3 e6 3.d4 cxd4 4.Nxd4 a6 5.Nc3 Qc7 6.Bd3 Nf6 7.f4 Bb4 8.Bd2 d6
9.Qe2 e5 10.Nf3 O-O 11.O-O Bg4 12.Qe1 exf4 13.Kh1 Nbd7 14.Qh4 Qa5 15.Bxf4 
Qh5 16.Qg3 Bxc3 17.bxc3 Rfe8 18.Rae1 d5 19.e5 Ne4 20.Bxe4 dxe4 21.Rxe4 Nc5
22.Rb4 Bxf3 23.gxf3 Rac8 24.Rg1 g6 25.Qg4 Qxg4 26.Rxg4 h5 27.Rg2 Ne6 28.
Bd2 b5 29.a4 bxa4 30.Rxa4 Nc5 31.Rc4 Ne6 32.Ra4 Rc6 33.f4 Kf8 34.Kg1 Ke7 
35.Kf1 Rb8 36.Ke2 Rb1 37.Rf2 Ng7 38.Rf1 Rxf1 39.Kxf1 Ne6 40.Ke2 Kd7 41.c4 
Nc5 42.Rb4 Ne6 43.Be3 a5 44.Ra4 Ra6 45.Kd3 Nd8 46.Kd4 Kc6 47.Ke4 Ne6 48.f5
gxf5+ 49.Kxf5 Kd7 50.h4 Ng7+ 51.Ke4 Ne6 52.Bf2 Kc6 53.Bd4 Ra8 54.Be3 Ra6 
55.Kf5 Kd7 56.Bd2 Nd4+ 57.Ke4 Nc6 58.Kd5 Ra8 59.Bc3 Rg8 60.Kc5 Rc8 61.Kd5 
Rg8 62.Ra1 Rg2 63.Bxa5 Rxc2 64.Be1 Re2 65.Bc3 Re3 66.Ra3 Rh3 67.Rb3 Ne7+ 
68.Kc5 Ng6 69.Ra3 Rxh4 70.Ra7+ Ke6 71.Ra6+ Kd7 72.Rd6+ Ke7 73.Ba5 Ke8 74.
Rd8+ Ke7 75.Rd6 Ke8 76.Bd8 Ne7 77.Bc7 Nf5 78.Rd8+ Ke7 79.Ra8 Kd7 80.Bd8 
Re4 81.Bf6 Ne3 82.Ra7+ Ke6 83.Re7+ Kf5 84.Rxf7 Rxc4+ 85.Kd6 Rd4+ 86.Kc5 
Rc4+ 87.Kd6 Rd4+ 88.Kc5 1/2-1/2

[Event "14th EUR-ch"]
[Site "Legnica POL"]
[Date "2013.05.08"]
[Round "4"]
[White "Jobava, Baadur"]
[Black "Papp, Gabor"]
[Result "1-0"]
[WhiteElo "2702"]
[BlackElo "2570"]
[EventDate "2013.05.05"]
[PlyCount "109"]

1.e4 e5 2.Nf3 Nc6 3.Bc4 Nf6 4.Ng5 d5 5.exd5 Na5 6.Bb5+ c6 7.dxc6 bxc6 8.
Be2 h6 9.Nh3 Bc5 10.d3 O-O 11.c3 Nb7 12.Nd2 Bf5 13.Nc4 Re8 14.O-O Qd7 15.
Kh1 Bxh3 16.gxh3 Qxh3 17.Rg1 Kh8 18.Rg2 Rad8 19.Qa4 Qe6 20.Bd2 Bf8 21.b4 
Nd5 22.Bg4 f5 23.Bh5 Re7 24.Re1 Nb6 25.Nxb6 axb6 26.Be3 b5 27.Qc2 Qd5 28.
Bg6 Nd6 29.a4 e4 30.Rd1 Nc4 31.Bd4 exd3 32.Qxd3 Rd6 33.Qxf5 Qxf5 34.Bxf5 
bxa4 35.Ra1 Rd5 36.Bc2 a3 37.Bb3 Rxd4 38.cxd4 Nd2 39.Rxa3 Re8 40.Bf7 Rd8 
41.f4 Bxb4 42.Rag3 g5 43.fxg5 Ne4 44.Rh3 Kg7 45.gxh6+ Kxf7 46.Re3 Nf6 47.
Rg7+ Kf8 48.Re6 Rd6 49.Ree7 Bc3 50.Ref7+ Ke8 51.Rb7 Bxd4 52.Rb8+ Rd8 53.h7
Nxh7 54.Rg8+ Nf8 55.Rxf8+ 1-0